Statistics for Countries in the Soviet-Union

Click here to take the quiz!

General Stats

  • This quiz has been taken 14 times
    (13 since last reset)
  • The average score is 14 of 15

Answer Stats

Answer% Correct
Estonia
100%
Georgia
100%
Kazakhstan
100%
Latvia
100%
Lithuania
100%
Russia
100%
Armenia
92%
Azerbaijan
92%
Belorussia
92%
Moldova
92%
Ukraine
92%
Uzbekistan
92%
Kyrgyzstan
83%
Tajikistan
83%
Turkmenistan
83%

Score Distribution

Percentile by Number Answered

Percent of People with Each Score

Your Score History

You have not taken this quiz since the last reset